[Event "WA Open Blitz Championship"]
[Site "Chess.com"]
[Date "2020.05.25"]
[Round "?"]
[White "Desai, Samara"]
[Black "Stein, Samuel"]
[Result "0-1"]
[WhiteElo "195"]
[BlackElo "521"]
[PlyCount "100"]
[EventDate "2020.??.??"]
[EventType "blitz"]

1. e4 e6 2. Nf3 d5 3. exd5 exd5 4. Qe2+ Qe7 5. Qxe7+ Bxe7 6. Nc3 Nf6 7. d4 O-O
8. Bg5 Be6 9. Bd3 h6 10. Bxf6 Bxf6 11. O-O Nc6 12. Rfd1 Kh8 13. Bb5 Rfd8 14.
Bxc6 bxc6 15. Re1 Rdb8 16. Rab1 Bg4 17. Re3 Bxf3 18. Rxf3 Bxd4 19. Rd3 Bxc3 20.
Rxc3 Rb6 21. Re1 Rxb2 22. Rxc6 Rxa2 23. Rxc7 a5 24. Rxf7 Rxc2 25. Rd7 a4 26.
Rxd5 a3 27. Rdd1 a2 28. Ra1 Rb2 29. g3 Kh7 30. Kg2 Kg6 31. Kf3 Kf5 32. Ke3 Re8+
33. Kd3 Rxe1 34. Rxe1 Rb1 35. Rxb1 axb1=Q+ 36. Kc4 Qf1+ 37. Kd4 Qxf2+ 38. Kd5
Qxh2 39. g4+ Kxg4 40. Ke4 Qe2+ 41. Kd5 Kf4 42. Kd6 Qe8 43. Kd5 Qe7 44. Kc6 Ke5
45. Kb5 Kd5 46. Kb6 Qd7 47. Ka5 Kc5 48. Ka6 Qb5+ 49. Ka7 Kc6 50. Ka8 Qb7# 0-1

[Event "WA Open Blitz Championship"]
[Site "Chess.com"]
[Date "2020.05.25"]
[Round "?"]
[White "Holbrook, Aidan"]
[Black "Vemparala, Nikash"]
[Result "0-1"]
[WhiteElo "161"]
[BlackElo "1684"]
[PlyCount "40"]
[EventDate "2020.??.??"]
[EventType "blitz"]

1. e4 e5 2. Nf3 Nc6 3. Bc4 Bc5 4. c3 Nf6 5. d3 d6 6. O-O O-O 7. Re1 h6 8. d4
exd4 9. cxd4 Bb6 10. d5 Ne5 11. Nxe5 dxe5 12. Qb3 Bg4 13. h3 Bh5 14. Qg3 Bg6
15. h4 Nxe4 16. Qg4 Nxf2 17. Qe2 Qxh4 18. Be3 Qh1+ 19. Kxf2 Qh4+ 20. Kf3 Be4#
0-1

[Event "WA Open Blitz Championship"]
[Site "Chess.com"]
[Date "2020.05.25"]
[Round "?"]
[White "Shapiro, Michael"]
[Black "Holbrook, Aidan"]
[Result "1-0"]
[WhiteElo "1502"]
[BlackElo "161"]
[PlyCount "67"]
[EventDate "2020.??.??"]
[EventType "blitz"]

1. c4 e6 2. Nf3 d5 3. cxd5 exd5 4. g3 Bf5 5. Bg2 Nc6 6. O-O Nb4 7. d3 Nc6 8.
Nc3 d4 9. Nb1 Bd6 10. Nbd2 Nf6 11. Nb3 O-O 12. Nbxd4 Nxd4 13. Nxd4 Bg6 14. Nf3
Re8 15. Nh4 Bh5 16. Nf3 Re6 17. h3 h6 18. a3 Bg6 19. b4 c6 20. Bb2 Nd7 21. Qd2
Qe7 22. Rfe1 Ne5 23. Nxe5 Bxe5 24. Bxe5 Rxe5 25. Qc3 Re6 26. Rad1 Rxe2 27. Rxe2
Qxe2 28. Re1 Qh5 29. Re7 Qb5 30. Be4 Bxe4 31. dxe4 Qa6 32. Qb3 Rd8 33. Qxf7+
Kh8 34. Qxg7# 1-0

[Event "WA Open Blitz Championship"]
[Site "Chess.com"]
[Date "2020.05.25"]
[Round "?"]
[White "Holbrook, Aidan"]
[Black "Zhang, Michael M."]
[Result "0-1"]
[WhiteElo "161"]
[BlackElo "977"]
[PlyCount "26"]
[EventDate "2020.??.??"]
[EventType "blitz"]

1. Nf3 Nc6 2. e4 e5 3. Bc4 Bc5 4. c3 Nf6 5. d3 d6 6. O-O Bg4 7. Re1 d5 8. exd5
Nxd5 9. Rxe5+ Nxe5 10. Nxe5 Bxd1 11. Bf4 Nxf4 12. Nxf7 Qe7 13. Nxh8 Qe1# 0-1

[Event "WA Open Blitz Championship"]
[Site "Chess.com"]
[Date "2020.05.25"]
[Round "?"]
[White "Rodriguez, Odysseus"]
[Black "Holbrook, Aidan"]
[Result "1/2-1/2"]
[WhiteElo "1499"]
[BlackElo "161"]
[PlyCount "107"]
[EventDate "2020.??.??"]
[EventType "blitz"]

1. d4 e6 2. Nf3 d5 3. e3 c5 4. b3 Nc6 5. Bd3 Bd7 6. O-O Qb6 7. Nc3 cxd4 8. Na4
Qc7 9. exd4 Nge7 10. Nc5 b6 11. Nxd7 Qxd7 12. Bb5 a6 13. Bxc6 Qxc6 14. Ba3 Rc8
15. Rc1 b5 16. Ne5 Qc7 17. f4 a5 18. c4 b4 19. Bb2 dxc4 20. Rxc4 Qd7 21. Rxc8+
Qxc8 22. Qe2 Nc6 23. Qb5 Be7 24. Qxc6+ Qxc6 25. Nxc6 Bd6 26. g3 O-O 27. Nxa5 f6
28. Nc4 Bb8 29. Kf2 e5 30. dxe5 fxe5 31. Nxe5 Bxe5 32. Bxe5 Kf7 33. Rd1 g5 34.
Rd7+ Ke6 35. Ra7 gxf4 36. Bxf4 h5 37. Ke3 Rc8 38. Ra4 Rc2 39. h4 Kd5 40. Kd3
Rf2 41. Ra5+ Kc6 42. Kc4 Kb7 43. Kxb4 Kb6 44. a4 Re2 45. Rxh5 Re4+ 46. Kc3 Re8
47. b4 Kc6 48. Kd4 Kb6 49. Rh6+ Ka7 50. a5 Kb7 51. b5 Ka7 52. Rh7+ Ka8 53. Kc5
Re5+ 54. Bxe5 1/2-1/2

[Event "WA Open Blitz Championship"]
[Site "Chess.com"]
[Date "2020.05.25"]
[Round "?"]
[White "Holbrook, Aidan"]
[Black "Jones, Davey"]
[Result "1-0"]
[WhiteElo "161"]
[BlackElo "1819"]
[PlyCount "69"]
[EventDate "2020.??.??"]
[EventType "blitz"]

1. e4 c5 2. Nf3 a6 3. Bc4 e6 4. O-O d5 5. exd5 exd5 6. Re1+ Be7 7. Bb3 c4 8.
Ba4+ b5 9. Bxb5+ axb5 10. d4 Nf6 11. Bg5 O-O 12. Qe2 Be6 13. Bh4 h6 14. Nc3 Nc6
15. Nxb5 Re8 16. Bg3 Ne4 17. Nc7 Nxg3 18. hxg3 Qxc7 19. b3 Bb4 20. Red1 Bf5 21.
Qf1 Bxc2 22. Rdc1 cxb3 23. axb3 Rxa1 24. Rxa1 Bxb3 25. Kh2 Bc4 26. Qb1 Bc3 27.
Ra3 Bxd4 28. Nxd4 Nxd4 29. Qb2 Re2 30. Qxd4 Qe7 31. Ra7 Qe6 32. Ra8+ Kh7 33.
Qc3 Re1 34. Qc2+ g6 35. Qc3 1-0

[Event "WA Open Blitz Championship"]
[Site "Chess.com"]
[Date "2020.05.25"]
[Round "?"]
[White "Nallabothula, Varin"]
[Black "Holbrook, Aidan"]
[Result "1-0"]
[WhiteElo "1293"]
[BlackElo "161"]
[PlyCount "139"]
[EventDate "2020.??.??"]
[EventType "blitz"]

1. e4 e6 2. d4 d5 3. exd5 exd5 4. Nc3 c6 5. Nf3 Bd6 6. Be2 Ne7 7. O-O O-O 8.
Be3 Nd7 9. Qd2 f5 10. Bg5 h6 11. Bxe7 Qxe7 12. Rfe1 Qd8 13. Bd3 Nf6 14. Ne5
Bxe5 15. dxe5 Ne4 16. Qe2 Re8 17. f3 Nc5 18. b4 Nxd3 19. Qxd3 Qb6+ 20. Kh1 Qxb4
21. a3 Qb6 22. Reb1 Qc7 23. f4 Be6 24. Rb4 c5 25. Rb2 c4 26. Qf3 d4 27. Ne2 d3
28. cxd3 cxd3 29. Qxd3 Qc6 30. Nd4 Qc7 31. Nxe6 Rxe6 32. Qb3 Qe7 33. Qxb7 Qxb7
34. Rxb7 Rc6 35. h3 Rac8 36. Rxa7 Kf8 37. a4 g5 38. fxg5 hxg5 39. a5 Rc1+ 40.
Rxc1 Rxc1+ 41. Kh2 f4 42. a6 Ke8 43. Ra8+ Kd7 44. a7 Kc7 45. Rc8+ Kb7 46. Rxc1
Kxa7 47. Rc5 Kb6 48. e6 f3 49. gxf3 g4 50. Rb5+ Kxb5 51. hxg4 Kc6 52. f4 Kd6
53. f5 Ke7 54. Kg3 Kf6 55. Kf4 Ke7 56. Kg3 Kf6 57. g5+ Kg7 58. f6+ Kf8 59. e7+
Kf7 60. g6+ Ke8 61. g7 Kd7 62. e8=Q+ Kd6 63. Qe7+ Kc6 64. f7 Kd5 65. f8=R Kc4
66. g8=N Kd4 67. Rd8+ Kc3 68. Qc7+ Kb4 69. Rb8+ Ka4 70. Qa7# 1-0

[Event "WA Open Blitz Championship"]
[Site "Chess.com"]
[Date "2020.05.25"]
[Round "?"]
[White "Holbrook, Aidan"]
[Black "Stein, Samuel"]
[Result "0-1"]
[WhiteElo "161"]
[BlackElo "521"]
[PlyCount "118"]
[EventDate "2020.??.??"]
[EventType "blitz"]

1. e4 e6 2. Nf3 d5 3. exd5 exd5 4. d4 Nc6 5. c4 Nf6 6. Nc3 Bb4 7. Qb3 Bxc3+ 8.
Qxc3 O-O 9. cxd5 Nxd5 10. Qd3 Ndb4 11. Qb3 Be6 12. Qd1 Bf5 13. Kd2 Nxd4 14. Ng1
Nb3+ 15. Ke2 Re8+ 16. Be3 Nxa1 17. Qxa1 Nc2 18. Qc1 Nxe3 19. fxe3 Bg4+ 20. Nf3
Bxf3+ 21. gxf3 g6 22. Bh3 c6 23. Rg1 Kg7 24. e4 Qd6 25. Qc3+ Kg8 26. Bf5 Qxh2+
27. Kf1 Rad8 28. Rg2 Rd1+ 29. Kf2 Qh1 30. Qc2 Qh4+ 31. Ke2 Rh1 32. Ke3 Re1+ 33.
Re2 Rxe2+ 34. Qxe2 gxf5 35. e5 Rxe5+ 36. Kd3 Rxe2 37. Kxe2 Qh2+ 38. Ke3 Qxb2
39. Kf4 Qxa2 40. Ke5 Qe2+ 41. Kd6 Qxf3 42. Ke7 Qe4+ 43. Kd7 Qe6+ 44. Kd8 Qe8+
45. Kc7 Qd7+ 46. Kb8 Qd8+ 47. Kxb7 Qd7+ 48. Ka6 Qd8 49. Kb7 Qb6+ 50. Kc8 c5 51.
Kd7 c4 52. Ke7 c3 53. Kd7 c2 54. Ke7 c1=Q 55. Kd7 Qe1 56. Kc8 Qd4 57. Kc7 Qc1+
58. Kb7 Qb6+ 59. Ka8 Qc8# 0-1

[Event "WA Open Blitz Championship"]
[Site "Chess.com"]
[Date "2020.05.25"]
[Round "?"]
[White "Holbrook, Aidan"]
[Black "Cheng, Ethan"]
[Result "0-1"]
[WhiteElo "161"]
[BlackElo "828"]
[PlyCount "148"]
[EventDate "2020.??.??"]
[EventType "blitz"]

1. e4 e5 2. Nf3 Nc6 3. Bc4 Nf6 4. d3 Bc5 5. c3 O-O 6. O-O d6 7. Re1 Bg4 8. h3
Bh5 9. Nbd2 Re8 10. Nf1 a6 11. Ng3 Bxf3 12. Qxf3 h6 13. Be3 Ba7 14. Red1 Na5
15. Bd5 Nxd5 16. exd5 c6 17. dxc6 Nxc6 18. Bxa7 Rxa7 19. Nf5 Qf6 20. Ng3 Qxf3
21. gxf3 b5 22. Ne4 d5 23. Nc5 Raa8 24. Nd7 Rad8 25. Nc5 d4 26. cxd4 Nxd4 27.
Kf1 Nxf3 28. Nxa6 Nd4 29. Nc5 Rd6 30. Ne4 Rg6 31. Rdc1 f5 32. Ng3 b4 33. Rc5 b3
34. Rd5 Nc2 35. Rc1 Ne3+ 36. Ke1 Ng2+ 37. Ke2 Nf4+ 38. Kf1 Nxd5 39. Ke1 bxa2
40. Kd2 Ra8 41. Ra1 Rga6 42. d4 Nb4 43. Nxf5 Rc6 44. Ke2 Nc2 45. Ne7+ Kf8 46.
Nxc6 Nxa1 47. Kd2 Nc2 48. Kxc2 a1=Q 49. Kc3 Qa3+ 50. Kc4 Ra4+ 51. Kd5 Qxb2 52.
Kxe5 Qe2+ 53. Kd6 Ra6 54. Kc7 Rxc6+ 55. Kxc6 Qxf2 56. Kd5 Qg2+ 57. Ke5 Qxh3 58.
d5 Qd7 59. d6 Ke8 60. Kd5 Kf7 61. Ke5 g5 62. Ke4 Qxd6 63. Kf5 g4 64. Kxg4 h5+
65. Kxh5 Qf6 66. Kg4 Ke6 67. Kh5 Qg7 68. Kh4 Qg6 69. Kh3 Qg5 70. Kh2 Qg4 71.
Kh1 Kf5 72. Kh2 Kf4 73. Kh1 Kf3 74. Kh2 Qg2# 0-1

[Event "WA Open Blitz Championship"]
[Site "Chess.com"]
[Date "2020.05.25"]
[Round "?"]
[White "Desai, Samara"]
[Black "Holbrook, Aidan"]
[Result "0-1"]
[WhiteElo "195"]
[BlackElo "161"]
[PlyCount "90"]
[EventDate "2020.??.??"]
[EventType "blitz"]

1. e4 e6 2. Nf3 d5 3. exd5 exd5 4. Qe2+ Be7 5. Nc3 Nf6 6. d4 O-O 7. Qd3 Re8 8.
Be2 Nc6 9. Ng5 h6 10. Nf3 Be6 11. O-O Qd6 12. Nb5 Qd7 13. Ne5 Nxe5 14. dxe5 Ne4
15. Nc3 Nc5 16. Qf3 d4 17. Ne4 Bd5 18. Bd3 Qc6 19. Re1 Qd7 20. Qg3 Bxe4 21.
Bxe4 Nxe4 22. Rxe4 Qf5 23. Bxh6 g6 24. Qf4 Qxf4 25. Rxf4 Bb4 26. a3 Bc5 27. b4
Bb6 28. Re1 Rad8 29. Rfe4 d3 30. cxd3 Rxd3 31. g3 Rxa3 32. e6 fxe6 33. Rxe6
Rxe6 34. Rxe6 Ra2 35. Re4 Bxf2+ 36. Kf1 Bb6 37. Bf4 Ra1+ 38. Kg2 Ra2+ 39. Kh3
Rb2 40. Be3 Re2 41. b5 Bxe3 42. Re8+ Kf7 43. Ra8 Ke6 44. Rxa7 Bxa7 45. g4 Rd2
0-1

[Event "WA Open Blitz Championship"]
[Site "Chess.com"]
[Date "2020.05.25"]
[Round "?"]
[White "Bablani, Arnav"]
[Black "Holbrook, Aidan"]
[Result "1-0"]
[WhiteElo "909"]
[BlackElo "161"]
[PlyCount "83"]
[EventDate "2020.??.??"]
[EventType "blitz"]

1. e4 e6 2. d4 d5 3. e5 c5 4. c3 Nc6 5. Be3 Qb6 6. b3 cxd4 7. Bxd4 Nxd4 8. Qxd4
Qxd4 9. cxd4 Bb4+ 10. Kd1 Ne7 11. Bb5+ Nc6 12. Nf3 a6 13. Bxc6+ bxc6 14. Nbd2
O-O 15. a3 Ba5 16. b4 Bb6 17. a4 a5 18. bxa5 Bxa5 19. Nb3 Bb6 20. a5 Bc7 21.
Nh4 g5 22. Nf3 g4 23. Nh4 Bd8 24. g3 Ba6 25. Nc5 Bc4 26. Nd7 Re8 27. Rg1 Bb3+
28. Kc1 Bg5+ 29. Kb2 Bc4 30. f4 Be7 31. a6 Red8 32. Nf6+ Bxf6 33. exf6 Rdb8+
34. Kc3 Rb3+ 35. Kc2 Rab8 36. Rab1 Bxa6 37. Rxb3 Rxb3 38. Kxb3 Bc4+ 39. Kc3 Kf8
40. Ra1 Ke8 41. Ra7 Kd8 42. Rxf7 1-0